| Tag |
First Indicator |
Second Indicator |
Subfields |
| LEADER |
00000cam a22000004a 4500 |
| 001 |
in00002516421 |
| 005 |
20151111073238.0 |
| 008 |
080911s2009 njua 001 0 eng |
| 010 |
|
|
|a 2008039517
|
| 015 |
|
|
|a GBA906219
|2 bnb
|
| 016 |
7 |
|
|a 014883592
|2 Uk
|
| 020 |
|
|
|a 9780470383728 (cloth)
|
| 020 |
|
|
|a 0470383720 (cloth)
|
| 029 |
1 |
|
|a CDX
|b 8662908
|
| 029 |
1 |
|
|a AU@
|b 000043415250
|
| 035 |
|
|
|a (OCoLC)ocn243547702
|
| 035 |
|
|
|a (OCoLC)243547702
|
| 040 |
|
|
|a DLC
|c DLC
|d YDX
|d BTCTA
|d BAKER
|d YDXCP
|d UKM
|d CDX
|d IAY
|d UtOrBLW
|
| 049 |
|
|
|a TXAM
|
| 050 |
0 |
0 |
|a HG4661
|b .T34 2009
|
| 082 |
0 |
0 |
|a 332.63/220973
|2 22
|
| 100 |
1 |
|
|a Tagliani, Matthew,
|d 1974-
|
| 245 |
1 |
4 |
|a The practical guide to Wall Street :
|b equities and derivatives /
|c Matthew Tagliani.
|
| 264 |
|
1 |
|a Hoboken, N.J. :
|b John Wiley & Sons,
|c [2009]
|
| 264 |
|
4 |
|c ©2009
|
| 300 |
|
|
|a xxvi, 528 pages :
|b illustrations ;
|c 24 cm.
|
| 336 |
|
|
|a text
|b txt
|2 rdacontent
|
| 337 |
|
|
|a unmediated
|b n
|2 rdamedia
|
| 338 |
|
|
|a volume
|b nc
|2 rdacarrier
|
| 490 |
1 |
|
|a [Wiley finance]
|
| 500 |
|
|
|a Includes index.
|
| 650 |
|
0 |
|a Stocks.
|
| 650 |
|
0 |
|a Derivative securities.
|
| 830 |
|
0 |
|a Wiley finance series.
|
| 856 |
4 |
1 |
|3 Table of contents only
|u http://www.loc.gov/catdir/toc/ecip0827/2008039517.html
|t 0
|
| 938 |
|
|
|a Baker & Taylor
|b BKTY
|c 70.00
|d 52.50
|i 0470383720
|n 0007901414
|s active
|
| 938 |
|
|
|a YBP Library Services
|b YANK
|n 2882752
|
| 938 |
|
|
|a Baker and Taylor
|b BTCP
|n BK0008297979
|
| 938 |
|
|
|a Coutts Information Services
|b COUT
|n 8662908
|c 70.00 USD
|
| 945 |
|
|
|a PromptCat
|b 804409
|
| 946 |
|
|
|a west,stk
|
| 947 |
|
|
|a A14839945721
|
| 994 |
|
|
|a 92
|b TXA
|
| 948 |
|
|
|a cataloged
|b h
|d 2009/10/7
|h c
|e asalazar
|f 11:55:11 am
|
| 999 |
|
|
|a MARS
|
| 999 |
f |
f |
|s f06ab31b-d523-3527-b1b4-a59ec28bbf1c
|i efe2f454-c418-3233-91f0-4b0dde6fec4d
|t 0
|
| 952 |
f |
f |
|p ric
|a Texas A&M University
|b Rellis Campus
|c Joint Library Facility
|d Remote Storage
|t 0
|e HG4661 .T34 2009
|h Library of Congress classification
|i unmediated -- volume
|m A14839945721
|
| 998 |
f |
f |
|a HG4661 .T34 2009
|t 0
|l Remote Storage
|